Air conditioning principles and systems (Record no. 5028)

MARC details
000 -LEADER
fixed length control field 00536nam a2200169Ia 4500
003 - CONTROL NUMBER IDENTIFIER
control field SGT
020 ## - INTERNATIONAL STANDARD BOOK NUMBER
International Standard Book Number 9788120322110
082 ## - DEWEY DECIMAL CLASSIFICATION NUMBER
Classification number 697.93
Item number PIT
100 ## - MAIN ENTRY--PERSONAL NAME
Personal name Pita,Edward G
245 ## - TITLE STATEMENT
Title Air conditioning principles and systems
250 ## - EDITION STATEMENT
Edition statement 4th Ed.
260 ## - PUBLICATION, DISTRIBUTION, ETC. (IMPRINT)
Name of publisher, distributor, etc PHI Learning Private Limited
Place of publication, distribution, etc New Delhi
Year of Publication 2007
300 ## - PAGE DESCRIPTION
No. of Pages 524p.
650 ## - SUBJECT ADDED ENTRY--TOPICAL TERM
Topical term or geographic name as entry element MECHANICAL ENGINEERING
653 ## - KEYWORDS--INDEX TERM
Keyword term THE SCOPE AND USES OF AIR CONDITIONING, PHYSICAL PRINCIPLES HEATING LOADS FURNACES AND BOILERS COOLING LOAD COOLING LOAD CALCULATIONS
942 ## - ADDED ENTRY ELEMENTS (KOHA)
Source of classification or shelving scheme Dewey Decimal Classification
Koha item type Books
Holdings
Withdrawn status Lost status Source of classification or shelving scheme Damaged status Use restrictions Not for loan Collection code Home library Current library Shelving location Date acquired SGTU Full call number Accession No. (Barcode) Date last seen Bill Date Koha item type Total Checkouts Date last borrowed
    Dewey Decimal Classification   Restricted Access Not For Loan ENGINEERING SGT Engineering Library SGT Engineering Library Reference Book 14/05/2010 SGTU 697.93 PIT FE2309 09/02/2015 09/02/2015 Books    
    Dewey Decimal Classification         SGT Engineering Library SGT Engineering Library   14/05/2010 SGTU 697.93 PIT FE2310 09/02/2015 09/02/2015 Books    
    Dewey Decimal Classification         SGT Engineering Library SGT Engineering Library   14/05/2010 SGTU 697.93 PIT FE2311 31/08/2018 09/02/2015 Books 1 14/08/2018
    Dewey Decimal Classification         SGT Engineering Library SGT Engineering Library   14/05/2010 SGTU 697.93 PIT FE2312 09/02/2015 09/02/2015 Books    
    Dewey Decimal Classification         SGT Engineering Library SGT Engineering Library   14/05/2010 SGTU 697.93 PIT FE2313 14/08/2018 09/02/2015 Books 3 11/08/2018
    Dewey Decimal Classification         SGT Engineering Library SGT Engineering Library   06/09/2012 SGTU 697.93 PIT FE5436 09/02/2015 09/02/2015 Books    
    Dewey Decimal Classification         SGT Engineering Library SGT Engineering Library   06/09/2012 SGTU 697.93 PIT FE5437 09/02/2015 09/02/2015 Books